| 000 | 01397nam a2200253Ia 4500 | ||
|---|---|---|---|
| 001 | 16309 | ||
| 003 | GE_BSU | ||
| 008 | 181216s||||||||xx |||||||||||||| ||und|| | ||
| 020 | _aISBN 978-9941-15-869-8:(ძველი ბერძნული პროზა) | ||
| 040 | _cGE_BSU | ||
| 080 | _a821.14'01.03 | ||
| 245 | _aძველი ბერძნული პროზა | ||
| 245 | _cმთარგმნ.: ქეთევან აბესაძე,ვალერი ასათიანი, შუშანიკ ასათიანი და სხვ.;რედ.:ნანა ტონია;დიზაინერი:ია მახათაძე. | ||
| 260 | _aთბილისი | ||
| 260 | _bბაკურ სულაკაურის გამ-ბა | ||
| 260 | _c2013 | ||
| 300 | _a314გვ.;22სმ. | ||
| 300 | _bყდაძე:ფრაგმენტი რაფაელის "აპოლონი პარნასის მთაზე | ||
| 300 | _cშენიშვნები: გვ.241-311 | ||
| 300 | _eმსოფლიო ლიტერატურის ბიბლიოთეკა:ანტიკური მწერლობა;ტ.15/სერიის მთ.რედ.და შემდგ.ემზარ გოგუაძე | ||
| 541 | _h12ლ. | ||
| 653 | _aლიტერატურა | ||
| 942 | _cBK | ||
| 999 |
_c49389 _d49389 |
||